On This Day: November 3rd Quiz Stats

 Plays Quiz Updated Nov 3, 2017

Challenge
Share
Tweet
Embed
Score 0/7 Timer 03:00
11 Plays Today
Question Answer Wrong Answers
US President Richard M. Nixon addresses the nation on TV and radio, asking the ‘______’ to join him in solidarity on the Vietnam War effort and to support his policies.
1969
Silent Majority
89.3%
Quiet Americans
5.6%
Moderate Mass
2.7%
Middle Bulk
0.7%
The Soviet Union launches Sputnik 2 with a ______ named Laika on board, the first animal to enter obit.
1957
Dog
73.1%
Cat
1.2%
Chimpanzee
23.4%
Rabbit
1.1%
With the encouragement of the United States, this country separates from Colombia.
1903
Panama
52.3%
Venezuela
22.4%
Ecuador
19.6%
Peru
5.6%
The ______ Revolution of 1918–19 escalates when 40,000 sailors take over the port in Kiel.
1918
German
31.3%
Hungarian
27.9%
Polish
36.6%
Italian
3.3%
The United States imposes economic sanctions against ______ in response to its human rights abuses and support of Islamic extremist groups in the region.
1997
Sudan
20.4%
Pakistan
20.1%
Libya
42.5%
Yemen
14.7%
The Federated States of Micronesia gain independence from this country.
1986
United States
19.7%
United Kingdom
27.7%
France
28.5%
Australia
22%
'SOS' (· · · – – – · · ·) is selected as the worldwide standard maritime distress signal at the second International Radiotelegraph Conference, held in this city.
1906
Berlin
19.1%
Washington
6.4%
Paris
28.9%
London
45.1%

Today's Daily Dose

You're not logged in!

Compare scores with friends on all Sporcle quizzes.
OR
Log In

You Might Also Like...

Show Comments

Extras

Top Quizzes Today


Score Distribution

Your Account Isn't Verified!

In order to create a playlist on Sporcle, you need to verify the email address you used during registration. Go to your Sporcle Settings to finish the process.

Report this User

Report this user for behavior that violates our Community Guidelines.

Details: